Curso superior de psicología experimental: método y teoría

שמור ב:
מידע ביבליוגרפי
מחבר ראשי: Osgood, Charles Egerton (autor)
פורמט: ספר
שפה:ספרדית
יצא לאור: Ciudad de México Trillas 1980
סדרה:Biblioteca técnica de psicología
נושאים:
תגים: הוספת תג
אין תגיות, היה/י הראשונ/ה לתייג את הרשומה!

MARC

LEADER 00000nam a2200000 a 4500
001 UCW5050
003 CL-VaPUC
008 901122e19800000MX |||||||||||||||||spa|d
082 0 4 |a 152  |b OSG  |2 21 
100 |a Osgood, Charles Egerton  |e autor  |9 407503 
245 1 0 |a Curso superior de psicología experimental: método y teoría 
300 |a 1063 p 
942 |c BK 
945 |d 19901122 00:00:00 
260 |a Ciudad de México  |b Trillas  |c 1980 
650 7 |a PSICOLOGIA EXPERIMENTAL  |2 CL-VaPUC  |9 309015 
650 7 |a PSICOLGIA FISIOLOGICA  |2 CL-VaPUC  |9 309869 
583 |a last modification  |c 19901122 00:00:00  |k Rodrigo Vera 
490 0 |a Biblioteca técnica de psicología 
999 |c 218566  |d 218564 
952 |0 0  |1 0  |4 0  |6 152_000000000000000_OSG_1980  |7 0  |8 P  |9 208305  |a BIBEDU  |b BIBEDU  |c BIBEDU_PB  |d 2019-11-15  |i 2762463  |o 152 OSG 1980  |p 2762463  |r 2024-01-25  |w 2019-11-15  |y BK  |k EDU